Talking computers and telecommunications / (Record no. 183720)

000 -LEADER
fixed length control field 00599 a2200193 4500
003 - CONTROL NUMBER IDENTIFIER
control field Nust
005 - DATE AND TIME OF LATEST TRANSACTION
control field 20221226094559.0
010 ## - LIBRARY OF CONGRESS CONTROL NUMBER
LC control number 82002715
020 ## - INTERNATIONAL STANDARD BOOK NUMBER
International Standard Book Number 0442247214
040 ## - CATALOGING SOURCE
Transcribing agency Nust
082 00 - DEWEY DECIMAL CLASSIFICATION NUMBER
Classification number 621.385,KUF
100 1# - MAIN ENTRY--PERSONAL NAME
Personal name Kuecken, John A.
9 (RLIN) 105851
245 10 - TITLE STATEMENT
Title Talking computers and telecommunications /
Statement of responsibility, etc. John A. Kuecken.
260 ## - PUBLICATION, DISTRIBUTION, ETC.
Place of publication, distribution, etc. New York :
Name of publisher, distributor, etc. Van Nostrand Reinhold Co.,
Date of publication, distribution, etc. c1983.
300 ## - PHYSICAL DESCRIPTION
Extent x, 237 p. :
Other physical details ill. ;
Dimensions 24 cm.
505 ## - FORMATTED CONTENTS NOTE
Formatted contents note Introductions (Page-V), Telecommunications (Page-1), Sound, Waveforms and Speech (Page-83).
650 #0 - SUBJECT ADDED ENTRY--TOPICAL TERM
Topical term or geographic name entry element Telephone.
9 (RLIN) 105735
942 ## - ADDED ENTRY ELEMENTS (KOHA)
Source of classification or shelving scheme
Koha item type Book
Holdings
Withdrawn status Lost status Source of classification or shelving scheme Damaged status Not for loan Permanent Location Current Location Shelving location Date acquired Full call number Barcode Date last seen Price effective from Koha item type Public note Total Checkouts
          Military College of Signals (MCS) Military College of Signals (MCS) General Stacks 12/12/2016 621.385,KUE MCS1901 12/08/2016 12/12/2016 Book Almirah No.39, Shelf No.4  
          Military College of Signals (MCS) Military College of Signals (MCS) General Stacks 12/26/2022 621.385,KUF MCS951 12/26/2022 12/26/2022 Book Almirah No.39, Shelf No.4  
© 2023 Central Library, National University of Sciences and Technology. All Rights Reserved.